000
00335nam a2200145Ia 4500
008
181130s2018 xx 000 0 und d
100
_a
Tiwari, K.N.
245
_a
New priorities for agriculture
260
_c
2018
300
_a
p.5-10.
504
_d
Jun
650
_a
Agriculture
773
_a
Kurukshetra
906
_a
Agriculture
999
_c
506793
_d
506793